[Event "COL-ch U14 Girls"]
[Site "Barranquilla"]
[Date "2024.04.11"]
[Round "1"]
[White "Lizarazo Camelo, Sara Alejandra"]
[Black "Hernandez Arboleda, Rebeca"]
[Result "1-0"]
[WhiteElo "1437"]
[BlackElo "1464"]
[PlyCount "25"]
[EventDate "2024.04.11"]
[EventType "swiss"]
[EventRounds "7"]
[EventCountry "COL"]
[SourceTitle "CB18_2024"]
[SourceDate "2024.05.01"]
[SourceVersion "1"]
[SourceVersionDate "2024.05.01"]
[SourceQuality "2"]

1. e4 e5 2. Nf3 Nc6 3. Bc4 Nf6 4. Ng5 d5 5. exd5 Na5 6. Bb5+ c6 7. dxc6 bxc6 8. Bd3 Nd5 9. Ne4 Bd6 10. 0-0 0-0 11. Qh5 Nf4 12. Nf6+ Qxf6 13. Qxh7# 1-0

[Event "Armenia Quindio op"]
[Site "Armenia"]
[Date "2024.04.06"]
[Round "3"]
[White "Hernandez Arboleda, Rebeca"]
[Black "Serna, Luis Orlando"]
[Result "1-0"]
[WhiteElo "1464"]
[BlackElo "1774"]
[PlyCount "30"]
[EventDate "2024.04.06"]
[EventType "swiss"]
[EventRounds "6"]
[EventCountry "COL"]
[SourceTitle "CB16_2024"]
[SourceDate "2024.04.17"]
[SourceVersion "1"]
[SourceVersionDate "2024.04.17"]
[SourceQuality "1"]

1. e4 c5 2. Nf3 Nc6 3. d4 cxd4 4. Nxd4 Nf6 5. Nc3 e6 6. Bc4 Be7 7. 0-0 a6 8. Re1 Bb4 9. e5 Nd5 10. Bxd5 Bxc3 11. bxc3 exd5 12. Nf5 0-0 13. Qxd5 Ne7 14. Nxe7+ Qxe7 15. a4 Qe6 1-0

[Event "COL-ch sf (Women)"]
[Site "Pereira"]
[Date "2024.03.30"]
[Round "7"]
[White "Hernandez Arboleda, Rebeca"]
[Black "Betancur Florez, Daniela"]
[Result "1-0"]
[WhiteElo "1464"]
[BlackElo "1464"]
[PlyCount "109"]
[EventDate "2024.03.27"]
[EventType "swiss"]
[EventRounds "9"]
[EventCountry "COL"]
[SourceTitle "CB14_2024"]
[SourceDate "2024.04.01"]
[SourceVersion "1"]
[SourceVersionDate "2024.04.01"]
[SourceQuality "1"]

1. e4 c5 2. Nf3 Nc6 3. d4 cxd4 4. Nxd4 Nf6 5. Nc3 d6 6. Bb5 Bd7 7. Nxc6 Bxc6 8. Bxc6+ bxc6 9. 0-0 g6 10. Re1 Bg7 11. e5 dxe5 12. Qxd8+ Rxd8 13. Rxe5 Ng4 14. Re1 e6 15. h3 Nf6 16. Be3 a5 17. Rad1 Nd5 18. Nxd5 cxd5 19. Bd4 Bxd4 20. Rxd4 Ke7 21. Ra4 Ra8 22. c4 d4 23. c5 Rhc8 24. Rxd4 Rxc5 25. Red1 a4 26. Rd7+ Kf6 27. g4 Rb5 28. R1d2 Rab8 29. Ra7 Rxb2 30. Rxb2 Rxb2 31. Rxa4 Kg5 32. Ra7 f5 33. gxf5 exf5 34. a4 Ra2 35. a5 h5 36. a6 Kh4 37. Kg2 Ra3 38. Ra8 Rxh3 39. f3 Rg3+ 40. Kf2 Rh3 41. a7 Rh1 42. Rg8 Ra1 43. a8Q Rxa8 44. Rxa8 g5 45. Ra4+ g4 46. fxg4 fxg4 47. Ra3 Kg5 48. Kg2 h4 49. Ra8 Kf4 50. Rf8+ Kg5 51. Rh8 g3 52. Kh3 Kf4 53. Rxh4+ Kf3 54. Rg4 Kf2 55. Rxg3 1-0

[Event "Pereira GP op 2nd"]
[Site "Pereira"]
[Date "2023.10.21"]
[Round "1"]
[White "Giraldo Guevara, Juan Diego"]
[Black "Hernandez Arboleda, Rebeca"]
[Result "1-0"]
[WhiteElo "1627"]
[BlackElo "1173"]
[PlyCount "95"]
[EventDate "2023.10.21"]
[EventType "swiss"]
[EventRounds "6"]
[EventCountry "COL"]
[SourceTitle "Mega2024 Update 01"]
[Source "Chessbase"]
[SourceDate "2023.11.12"]
[SourceVersion "1"]
[SourceVersionDate "2023.11.12"]
[SourceQuality "1"]

1. e4 e5 2. Nf3 Nc6 3. Bb5 a6 4. Ba4 Nf6 5. d3 b5 6. Bb3 a5 7. a4 b4 8. Nbd2 Bc5 9. 0-0 0-0 10. Nc4 d6 11. Ne3 Be6 12. Bxe6 fxe6 13. Ng5 d5 14. Nxe6 Qe7 15. Nxf8 Qxf8 16. Nxd5 Nxd5 17. exd5 Ne7 18. Be3 Nxd5 19. Qe2 Qe7 20. Bxc5 Qxc5 21. Qxe5 Qd6 22. Rae1 Qxe5 23. Rxe5 Nb6 24. Rfe1 Nxa4 25. Re8+ Rxe8 26. Rxe8+ Kf7 27. Ra8 Nxb2 28. Rxa5 Ke6 29. Kf1 Kd6 30. Ke2 c5 31. Ra2 Nxd3 32. Kxd3 g5 33. Ke4 c4 34. Kd4 b3 35. Ra6+ Kc7 36. cxb3 cxb3 37. Kc5 Kd8 38. Kd6 Ke8 39. Ra7 b2 40. Rb7 h5 41. Ke6 Kd8 42. Rxb2 Kc7 43. Rc2+ Kb6 44. Kd5 Kb5 45. Rb2+ Ka6 46. Kc5 Ka7 47. Kc6 Ka6 48. Ra2# 1-0

[Event "Pereira op"]
[Site "Pereira"]
[Date "2023.09.24"]
[Round "6"]
[White "Hernandez Arboleda, Rebeca"]
[Black "Chica Londono, Daniel"]
[Result "0-1"]
[WhiteElo "1182"]
[BlackElo "1358"]
[PlyCount "66"]
[EventDate "2023.09.23"]
[EventType "swiss"]
[EventRounds "6"]
[EventCountry "COL"]
[SourceTitle "EXT 2024"]
[Source "ChessBase"]
[SourceDate "2023.10.10"]
[SourceVersion "1"]
[SourceVersionDate "2023.10.10"]
[SourceQuality "1"]

1. e4 c6 2. d4 d5 3. e5 Bf5 4. h4 h6 5. Bd3 Bxd3 6. Qxd3 e6 7. Ne2 Nd7 8. Nf4 c5 9. c3 cxd4 10. cxd4 Bb4+ 11. Nd2 Ne7 12. a3 Bxd2+ 13. Bxd2 Qb6 14. Bc3 0-0 15. 0-0 Rfc8 16. Rac1 Nf5 17. Rfe1 Nxh4 18. Qg3 Nf5 19. Qg4 Qd8 20. Qf3 Qg5 21. Ne2 Nb6 22. b3 Nh4 23. Qg3 Qxg3 24. Nxg3 Rc6 25. Bd2 Rac8 26. Ne2 Rc2 27. Nc3 Rxc1 28. Rxc1 a6 29. Ne2 Rxc1+ 30. Bxc1 Nf5 31. g4 Ne7 32. Kg2 Nc6 33. Bd2 Kf8 0-1

[Event "Pereira op"]
[Site "Pereira"]
[Date "2023.09.23"]
[Round "1"]
[White "Hernandez Arboleda, Rebeca"]
[Black "Amaya Martinez, Ramiro Orlando"]
[Result "0-1"]
[WhiteElo "1182"]
[BlackElo "1669"]
[PlyCount "88"]
[EventDate "2023.09.23"]
[EventType "swiss"]
[EventRounds "6"]
[EventCountry "COL"]
[SourceTitle "EXT 2024"]
[Source "ChessBase"]
[SourceDate "2023.10.10"]
[SourceVersion "1"]
[SourceVersionDate "2023.10.10"]
[SourceQuality "1"]

1. e4 c6 2. d4 d5 3. e5 c5 4. dxc5 e6 5. Be3 Nd7 6. Bb5 Ne7 7. Nf3 Nc6 8. Bxc6 bxc6 9. 0-0 Bxc5 10. Bxc5 Nxc5 11. Qd4 Nd7 12. Nc3 Qb6 13. Qxb6 axb6 14. Nd4 Ba6 15. Rfe1 Bb7 16. a3 Ke7 17. Rad1 c5 18. Ndb5 Bc6 19. h3 d4 20. Nc7 Ra5 21. Ne4 Ra7 22. Nxe6 fxe6 23. Nd6 Nxe5 24. Rxe5 Kxd6 25. Rde1 Bd5 26. b3 Rxa3 27. c4 dxc3 28. R5e3 Rxb3 29. Rc1 b5 30. Ree1 b4 31. Ra1 Ra8 32. Rad1 c2 33. Rc1 Be4 34. Rxe4 Rb1 35. Ree1 Rxc1 36. Rxc1 b3 37. Kf1 b2 38. Rxc2 b1Q+ 39. Ke2 Qxc2+ 40. Kf3 Ra3+ 41. Kg4 Qf5+ 42. Kh4 g5+ 43. Kh5 Qg6+ 44. Kg4 h5# 0-1